My sainted aunts / (Record no. 48046)

MARC details
000 -LEADER
fixed length control field 00526nam a22001697a 4500
005 - DATE AND TIME OF LATEST TRANSACTION
control field 2010093002052.0
008 - FIXED-LENGTH DATA ELEMENTS--GENERAL INFORMATION
fixed length control field 100930t xxu||||| |||| 00| 0 eng d
020 ## - INTERNATIONAL STANDARD BOOK NUMBER
International Standard Book Number 0-14-4400 -141-1
Terms of availability 200.00
035 ## - SYSTEM CONTROL NUMBER
System control number B-216092
082 ## - DEWEY DECIMAL CLASSIFICATION NUMBER
Classification number N
100 ## - MAIN ENTRY--PERSONAL NAME
Personal name Sharma, Bulbul
9 (RLIN) 22523
245 ## - TITLE STATEMENT
Title My sainted aunts /
Statement of responsibility, etc by Bulbul Sharma
260 ## - PUBLICATION, DISTRIBUTION, ETC. (IMPRINT)
Place of publication, distribution, etc New Delhi
Name of publisher, distributor, etc Penguin Books
Date of publication, distribution, etc 2006
300 ## - PHYSICAL DESCRIPTION
Extent 173p.
Other physical details 19cm. (pbk)
942 ## - ADDED ENTRY ELEMENTS (KOHA)
Source of classification or shelving scheme Dewey Decimal Classification
Item type English Books
Classification part N
Call number suffix SHA
Holdings
Withdrawn status Lost status Source of classification or shelving scheme Damaged status Not for loan Collection code Home library Current library Date acquired Total Checkouts Full call number Barcode Date last seen Copy number Koha item type
    Dewey Decimal Classification   Not For Loan Fiction Patel Nagar Patel Nagar 30/09/2010   N SHA B-216092 30/09/2010 1 English Books

© Delhi Public Library
Hit Counter
free hit counter